00325nam a2200121Ia 4500008004100000082001500041100001900056245005100075250000800126260004500134300000800179650001600187191201s2005 xx 000 0 und d a006.6bASC aASTHANA, R G S 0aComputer Graphics for Scientists and Engineers a2nd aN.DelhibNew Age International Pubc2005 a539 aB.Tech(CSE)